000 00743nam a2200205 a 4500
008 120416s1988 ||||||||||||||||| || u
020 _a9782453269
050 _aCTA(02)
100 _aWilliams, A. O
245 1 0 _aViral diseases of animals in Africa.
_cedited by A. Olufemi Williams
246 _aMaladies virales des animaux en Afrique.
260 _aLagos
_bOAU/STRC
_c1988
300 _axviii, 487p. : ill.
350 _a0.00
650 _aANIMALS
650 _aANIMALS--DISEASES
700 _aMasiga, W. N
710 _aTechnical Centre for Agricultural and Rural Cooperation (CTA)
995 _D0.00
_FCBU-MAIN LIBRARY (Kitwe)
_H1
_I0.00
_M1
_UAVAILABLE
_ZInternational Publications
999 _c61323
_d61323